000 00488nam a2200205Ia 4500
003 OSt
005 20240719115422.0
008 210210b1980 xxu||||| |||| 00| 0 eng d
020 _a0 586 05173 2
040 _cAL
041 _aENGLISH
082 _a823.914 SEGM
100 _aSEGAL (Erich).
_9173732
245 _aMan Woman and Child
260 _aLondon
_bGranada Publishing
_c1980
300 _a221
690 _aEnglish Fiction
_9173733
906 _aSG01871
942 _2ddc
_cSG
999 _c113355
_d113355